LIBRARY & INFORMATION CENTRE, KCAET, TAVANUR

ONLINE PUBLIC ACCESS CATALOGUE (OPAC)

Groundwater flow modelling using visual modflow and studies on the effect of saline water intrusion in thavanur (Record no. 15487)

MARC details
000 -LEADER
fixed length control field 00598nam a22001577a 4500
003 - CONTROL NUMBER IDENTIFIER
control field OSt
008 - FIXED-LENGTH DATA ELEMENTS--GENERAL INFORMATION
fixed length control field 180925b ||||| |||| 00| 0 eng d
082 ## - DEWEY DECIMAL CLASSIFICATION NUMBER
Classification number 631.587
Item number ANJ/GR
100 ## - MAIN ENTRY--AUTHOR NAME
Personal name Anjali E.J
-- Lekshmi N Kurup
-- Megha A.S
245 ## - TITLE STATEMENT
Title Groundwater flow modelling using visual modflow and studies on the effect of saline water intrusion in thavanur
260 ## - PUBLICATION, DISTRIBUTION, ETC. (IMPRINT)
Place of publication Thavanur
Name of publisher Department of irrigation and drainage engineering
Year of publication 2018
300 ## - PHYSICAL DESCRIPTION
Number of Pages xvi, 65
Accompanying material CD
700 ## - ADDED ENTRY--PERSONAL NAME
Personal name Sasikala D (Guide)
856 ## - ELECTRONIC LOCATION AND ACCESS
Uniform Resource Identifier <a href="https://drive.google.com/open?id=1ue7LHBrGYeZwSnLJJ42fRlanWipgGulc">https://drive.google.com/open?id=1ue7LHBrGYeZwSnLJJ42fRlanWipgGulc</a>
942 ## - ADDED ENTRY ELEMENTS (KOHA)
Koha item type Project Report
Holdings
Withdrawn status Lost status Damaged status Home library Current library Date acquired Full call number Accession Number Koha item type
      KAUAET KAUAET 25/07/2018 631.587 ANJ/GR P 413 Project Report
free website counter